|
|
|
|
| LEADER |
01115pam a22002538a 4500 |
| 001 |
00045181 |
| 005 |
20191107101144.0 |
| 008 |
150423s2013 ||||||Viesd |
| 020 |
# |
# |
|c 60000
|a 9786045458402
|
| 041 |
0 |
# |
|a Vie
|
| 082 |
1 |
4 |
|b D112H
|a 372.6
|
| 100 |
# |
# |
|a Lê, Phương Nga
|
| 245 |
0 |
0 |
|a Dạy học môn Tiếng Việt lớp 1 theo Chương trình giáo dục phổ thông mới
|c Lê Phương Nga
|
| 260 |
# |
# |
|a Hà Nội
|b Đại học sư phạm
|c 2019
|
| 300 |
# |
# |
|a 140 tr.
|c 24 cm.
|
| 653 |
# |
# |
|a Chương trình
|
| 653 |
# |
# |
|a Tiếng Việt
|
| 653 |
# |
# |
|a Giáo dục phổ thông mới
|
| 653 |
# |
# |
|a Giáo dục tiểu học
|
| 653 |
# |
# |
|a Giáo án
|
| 653 |
# |
# |
|a Lớp 1
|
| 852 |
# |
# |
|j KGT.0059655
|j KGT.0058842
|j KGT.0058843
|j KGT.0058844
|j KGT.0058845
|j KGT.0058846
|j KGT.0058847
|j KGT.0058848
|j KGT.0058849
|j KGT.0058850
|j KGT.0058851
|j KGT.0058852
|j KGT.0058853
|j KGT.0058854
|j KGT.0058855
|j KGT.0058856
|j KGT.0058857
|j KGT.0059656
|j KD.0026651
|j KGT.0059654
|
| 910 |
# |
# |
|d 7/11/2019
|
| 980 |
# |
# |
|a Trung tâm Học liệu Lê Vũ Hùng, Trường Đại học Đồng Tháp
|